LEADER 01370nam a2200277 a 4500 001 000000122006 003 CaOOAMICUS 005 20100526101348.0 008 100526t1976 it u000 u ita r 040 $aPUL$bita$dMCT 100 1 $aCaadaev, Petr Jakovlevic.$0(OLS)http://pul/name/76471 245 10$aLettere filosofiche ed altri scritti /$cPetr Jakovlevic Caadaev ; introduzione e traduzione di Ferruccio Déchet . 260 $aRoma :$bCittà Nuova,$c©1976. 300 $a335 p. ;$c20 cm 490 1 $aPubblicazioni dell'Istituto di filosofia (Facoltà di Magistero dell'Università di Genova).$aSeconda serie ;$v7 500 $aInclude indice. 504 $aBibliografia in nota. 650 4$aUomo (filosofia)$xStudi.$0(OLS)http://pul/subject/15994 650 4$aFilosofia$zRussia.$0(OLS)http://pul/subject/36906 700 1 $aDéchet, Ferruccio.$0(OLS)http://pul/name/76472 830 0$aPubblicazioni dell'Istituto di filosofia (Facoltà di Magistero dell'Università di Genova).$pSeconda serie ;$v7.$0(OLS)http://pul/title/153543 850 $aPUL 852 $aPUL$W1$xDP1 Filosofia 1$y19$m590 G 56$j140034$qStampati$B139214$CPULBib$Z2$F139214 $H47648 $82 941 1 $a8 996 $6245$aLettere filosofiche ed altri scritti$9(OLS)http://pul/title/153541 996 $6260$aRoma :$bCittà Nuova$9(OLS)http://pul/publisher/47927 LEADER 01427nam a2200325 a 4500 001 000000169956 003 CaOOAMICUS 005 20181016104857.0 008 181016s2018 it u000 u ita r 020 $a978-88-13-36563-9* 032 $aLibriCat 040 $aPUL$bita 082 04$a340.2 100 1 $aSassi, Silvia.$0(OLS)http://pul/name/109368 245 10$aDiritto transnazionale e legittimazione democratica /$cSilvia Sassi. 260 $aPadova :$bCEDAM,$c2018$aMilanofiori Assago :$bWolters Kluwer 300 $aIX, 227 p. ;$c24 cm. 490 1 $aCentro italiano per lo sviluppo e la ricerca CISR ;$v47 504 $aBibliografia in nota. 650 4$aDiritto comparato.$0(OLS)http://pul/subject/489 830 0$aCentro italiano per lo sviluppo e la ricerca CISR ;$v47.$0(OLS)http://pul/title/163458 850 $aPUL 852 $aPUL$W1$xSL Diritto e Scienze Sociali 3$y79$m340. 2 SASSI 1$j192864$qDDC 21$B198123$CPULBib$Z2$F198123 $H131374 $81 941 1 $a9 996 $6020$a978-88-13-36563-9*$9(OLS)http://pul/number/164927 996 $6082$a340.2$9(OLS)http://pul/classification/1934 996 $6245$aDiritto transnazionale e legittimazione democratica$9(OLS)http://pul/title/210625 996 $6260$aPadova :$bCEDAM$9(OLS)http://pul/publisher/48126 996 $6260$aMilanofiori Assago :$bWolters Kluwer$9(OLS)http://pul/publisher/81463